000 00863nam a2200205Ia 4500
001 21971
003 GE_BSU
008 181216s||||||||xx |||||||||||||| ||und||
040 _cGE_BSU
245 _aსაპატრიარქოს უწყებანი 1-6 მარტი №7(878) 2018.
245 _bპატრიარქის ქადაგება, ქრონიკა, ინფორმაცია და სხვა.
245 _cრედ:დეკანოზი დავით შარაშენიძე და სხვა.
260 _aთბილისი
260 _c2018
300 _a20გვ. 29სმ.
653 _aპერიოდიკა
653 _aრელიგია
653 _aსაპატრიარქოს უწყებანი 1-6 მარტი №7(878) 2018.
942 _cMP
999 _c54902
_d54902